| 000 | 00750nam a2200229Ia 4500 | ||
|---|---|---|---|
| 003 | GCL | ||
| 008 | 140319s9999 xx 000 0 ara d | ||
| 040 |
_aGCL / _cGCL |
||
| 082 | 0 | 4 |
_a194 _bف ف |
| 100 | 1 | _aفؤاد زكريا | |
| 245 | 1 | 0 |
_aالفلسفة الفرنسية من ديكارت الى سارتر / _cفؤاد زكريا |
| 700 | 1 | _aفال، جان (واخرون) | |
| 700 | 1 | _aفؤاد كامل (مترجم) | |
| 260 |
_a[S.N] : _bدار الثقافة للنشر والتوزيع |
||
| 300 | _a194 ص | ||
| 490 |
_aروائع الفكر الانسانى _v0 |
||
| 650 | 0 | 4 | _aتاريخ |
| 650 | 0 | 4 | _aالفلسفة |
| 650 | 0 | 4 | _aالفلسفة الغربية |
| 650 | 0 | 4 | _aالفلسفة الفرنسية |
| 942 |
_2ddc _cBK |
||
| 999 |
_c31801 _d31801 |
||